Gaming Quiz

Random Gaming Quiz

League of Legends: Name Champions by their Ultimates Quiz Stats

Quiz not verified by Sporcle

Challenge
Share
Tweet
Embed
Score 0/91 Timer 10:00
0 Plays Today
Hint % Correct
Curse of the Sad MummyAmumu
97.4%
Summon TibbersAnnie
97.4%
Enchanted Crystal ArrowAshe
94.9%
Ace in the HoleCaitlyn
94.9%
CrowstormFiddlesticks
94.9%
Bullet TimeMiss Fortune
94.9%
PyroclasmBrand
92.3%
UpgradeHeimerdinger
92.3%
RiftwalkKassadin
92.3%
Aspect of the CougarNidalee
92.3%
Dragon's DescentShyvana
92.3%
WishSoraka
92.3%
Destiny/GateTwisted Fate
92.3%
Hyperkinetic Position ReverserUrgot
92.3%
Glacial StormAnivia
89.7%
FeastCho'gath
89.7%
Mantra (not really)Karma
89.7%
RequiemKarthus
89.7%
Death LotusKatarina
89.7%
Solar FlareLeona
89.7%
Fury of the SandsNasus
89.7%
ParanoiaNocturne
89.7%
Absolute ZeroNunu
89.7%
Grand SkyfallPantheon
89.7%
TremorsRammus
89.7%
CrescendoSona
89.7%
Ravenous FlockSwain
89.7%
HemoplagueVladimir
89.7%
Petrifying GazeCassiopeia
87.2%
Chum the WatersFizz
87.2%
Cannon BarrageGangplank
87.2%
Hint % Correct
Explosive CaskGragas
87.2%
Transcendent BladesIrelia
87.2%
MonsoonJanna
87.2%
Living ArtilleryKog'Maw
87.2%
RagnarokOlaf
87.2%
Blade of the Exile/Wind SlashRiven
87.2%
Spray and PrayTwitch
87.2%
Thunder ClawsVolibear
87.2%
Trueshot BarrageEzreal
84.6%
Demacian JusticeGaren
84.6%
Command:ShockwaveOrianna
84.6%
Stand UnitedShen
84.6%
Insanity PotionSinged
84.6%
Missile BarrageCorki
82.1%
MimicLeblanc
82.1%
HighlanderMaster Yi
82.1%
Finales FunkelnLux
79.5%
Glacial PrisonSejuani
79.5%
Endless RageTryndamere
79.5%
Crescent SweepXin Zhao
79.5%
ChronoshiftZilean
79.5%
Shadow DashAkali
76.9%
SadismDr. Mundo
76.9%
Idol of DurandGalio
76.9%
Unstoppable ForceMalphite
76.9%
Nether GraspMalzahar
76.9%
Soul ShacklesMorgana
76.9%
Diplomatic ImmunityPoppy
76.9%
Noxious TrapTeemo
76.9%
Buster ShotTristana
76.9%
Primordial BurstVeigar
76.9%
Hint % Correct
Collateral DamageGraves
74.4%
CataclysmJarvan IV
74.4%
HallucinateShaco
74.4%
Spirit RushAhri
71.8%
Static FieldBlitzcrank
71.8%
InterventionKayle
71.8%
Children of the GraveMordekaiser
71.8%
The EqualizerRumble
71.8%
noneUdyr
71.8%
Final HourVayne
71.8%
Grandmaster's MightJax
69.2%
RadianceTaric
69.2%
Infinite DuressWarwick
69.2%
Omen of DeathYorick
69.2%
CannibalismSion
66.7%
On The HuntSivir
66.7%
Slicing MaelstromKennen
64.1%
Malice and SpiteEvelynn
61.5%
Vengeful MaelstromMaokai
61.5%
DominusRenekton
61.5%
AgonyTrundle
61.5%
Arcane BarrageXerath
61.5%
Unbreakable WillAlistar
59%
Dragon's RageLee Sin
59%
Desperate PowerRyze
59%
Shadow AssaultTalon
59%
ImpaleSkarner
56.4%
Chaos StormVictor
48.7%
CycloneWukong
48.7%

You're not logged in!

Compare scores with friends on all Sporcle quizzes.
Join for Free
OR
Log In

You Might Also Like...

Show Comments

Extras

Created Jan 25, 2012ReportNominate
Tags:champion, league, legend, ultimate

Top Quizzes Today


Score Distribution

Your Account Isn't Verified!

In order to create a playlist on Sporcle, you need to verify the email address you used during registration. Go to your Sporcle Settings to finish the process.

Report this User

Report this user for behavior that violates our Community Guidelines.

Details: